| 000 | 01225cam a22002535a 4500 | ||
|---|---|---|---|
| 001 | L144276 | ||
| 008 | 080708s2008 xxk f lf000 0 eng d | ||
| 035 | _a(Sirsi) u144276 | ||
| 041 | 0 | _aeng | |
| 050 | 0 | 4 | _a333.33 $2 18 |
| 110 | 2 |
_aUnited Kingdom _bDepartment for Business, Enterprise and Regulatory Reform _95262 |
|
| 245 | 0 | 4 |
_aThe Estate Agents (Redress Scheme) Order 2008 _h[electronic resource] |
| 260 |
_aLondon _bOPSI _c2008 |
||
| 520 | _aOrder requires every person who engages in estate agency work in the United Kingdom in relation to residential property to be a member of an approved redress scheme for the purpose of dealing with complaints relating to that work. Estate agency work is defined in section 1 of that Act and residential property is defined in section 23C. Comes into force 1 October 2008. | ||
| 521 | _aAdvanced | ||
| 590 | _aKA | ||
| 650 | 2 | 4 | _aTHE ESTATE AGENTS (REDRESS SCHEME) ORDER 2008 |
| 650 | 2 | 4 | _aCONSUMERS |
| 650 | 2 | 4 | _aESTATE AGENTS |
| 651 | 4 |
_aEngland and Wales _y1543- |
|
| 690 | _aPROPERTY-PROPERTY MANAGEMENT-MANAGING AGENTS | ||
| 856 | 4 | 8 |
_uhttps://www.opsi.gov.uk/si/si2008/uksi_20081712_en_1 _zView this legislation free of charge at www.opsi.gov.uk... |
| 942 | _n0 | ||
| 999 |
_c108433 _d108433 |
||